[Event "Rilton Cup 2013-14"]
[Site "Stockholm SWE"]
[Date "2014.01.05"]
[Round "9.28"]
[White "Jogstad, Martin"]
[Black "Aroven, Mikael"]
[Result "0-1"]
[WhiteElo "1941"]
[BlackElo "2045"]
[WhiteFideId "1715364"]
[BlackFideId "1709534"]
[EventDate "2013.12.27"]

1. c4 c5 2. g3 Nc6 3. Bg2 e6 4. Nc3 Nge7 5. e4 g6 6. Nge2 Bg7 7. d3 d6 8. O-O
Bd7 9. f4 Nd4 10. Nxd4 Bxd4+ 11. Kh1 Bc6 12. Qe2 Qd7 13. Be3 f5 14. Rae1 O-O 15.
Bxd4 cxd4 16. Nb5 e5 17. Na3 fxe4 18. dxe4 Rab8 19. c5 b5 20. cxd6 Qxd6 21. fxe5
Qxe5 22. Qd3 Bd7 23. Rxf8+ Rxf8 24. Rd1 Rc8 25. Kg1 Bg4 26. Qxd4 Qxd4+ 27. Rxd4
Rc1+ 28. Kf2 Nc6 29. Rd2 a6 30. Rc2 Rxc2+ 31. Nxc2 Be6 32. a3 Ne5 33. Ke2 g5 34.
Nd4 Bc4+ 35. Kd2 Kg7 36. Nf5+ Kf6 37. Nd6 g4 38. Ne8+ Ke7 39. Ng7 a5 40. Nf5+
Kd7 41. Nd4 a4 42. Kc3 Kd6 43. b3 axb3 44. Nxb3 Nf3 45. Nd2 Be2 46. h3 h5 47. h4
Ke5 48. Bh1 Ne1 49. Nb1 Nf3 50. Nd2 Nd4 51. Bg2 Nf3 52. Bh1 Ne1 53. Nb1 Nf3 54.
Nd2 Nd4 55. Bg2 Bd1 56. Bf1 Ne2+ 57. Bxe2 Bxe2 58. Kb4 Kd4 59. Ka5 Ke3 60. e5
Kxd2 61. e6 Bc4 62. e7 Bf7 63. Kxb5 Be8+ 64. Kb4 Kd3 65. a4 Kd4 66. a5 Kd5 67.
a6 Kc6 68. Kc4 Kb6 69. Kd5 Kxa6 70. Kc5 Kb7 71. Kd6 Kb6 0-1

[Event "Rilton Cup 2013-14"]
[Site "Stockholm SWE"]
[Date "2014.01.05"]
[Round "9.29"]
[White "Gamback, Bjorn"]
[Black "Orndahl, Markus"]
[Result "0-1"]
[WhiteElo "2142"]
[BlackElo "2206"]
[WhiteFideId "1703161"]
[BlackFideId "1709135"]
[EventDate "2013.12.27"]

1. Nf3 Nf6 2. g3 d5 3. Bg2 g6 4. c3 Bg7 5. d3 O-O 6. O-O c5 7. Nbd2 Nc6 8. Rb1
a5 9. b3 b6 10. a3 Bb7 11. Qc2 Qd7 12. Re1 e6 13. e4 Ba6 14. c4 Rad8 15. exd5
exd5 16. Bb2 d4 17. Re2 h6 18. Ne5 Nxe5 19. Rxe5 Ng4 20. Re2 Bc8 21. Rbe1 Qf5
22. Nf3 g5 23. Bc1 f6 24. h3 Ne5 25. Nxe5 fxe5 26. g4 Qf7 27. Be4 Bb7 28. Bxb7
Qxb7 29. Re4 Rf3 30. Kg2 Rdf8 31. Qe2 Rxf2+ 32. Qxf2 Rxf2+ 33. Kxf2 b5 34. R4e2
a4 35. bxa4 bxc4 36. dxc4 Qf7+ 37. Kg1 Qxc4 38. a5 Qa4 39. Rb2 Qxa5 40. Rf1 Qc7
41. a4 e4 42. a5 d3 43. a6 Bxb2 44. Bxb2 Qb6 45. a7 Qxa7 46. Rf6 Qa2 47. Rg6+
Kf7 48. Rf6+ Ke7 49. Rb6 d2 50. Rb7+ Ke8 51. Rb8+ Kd7 52. Rb7+ 0-1

[Event "Rilton Cup 2013-14"]
[Site "Stockholm SWE"]
[Date "2014.01.05"]
[Round "9.30"]
[White "Bit-Narva, David"]
[Black "Puzko, Danila"]
[Result "1-0"]
[WhiteElo "1877"]
[BlackElo "2129"]
[WhiteFideId "24128856"]
[BlackFideId "24153745"]
[EventDate "2013.12.27"]

1. e4 e6 2. d4 d5 3. Nd2 c5 4. c3 Nc6 5. Ngf3 Nf6 6. e5 Nd7 7. Bd3 Qb6 8. O-O
Be7 9. dxc5 Nxc5 10. Nb3 Nxd3 11. Qxd3 O-O 12. Re1 Bd7 13. Ng5 Bxg5 14. Bxg5 Kh8
15. Re3 Nxe5 16. Rxe5 f6 17. Be3 Qc7 18. Rh5 f5 19. Bc5 Rf6 20. Re1 Re8 21. Qe3
e5 22. Qh3 h6 23. Qd3 Qc6 24. Rh3 b6 25. Ba3 Kg8 26. Rhe3 e4 27. Qd1 f4 28. R3e2
f3 29. Rd2 Rg6 30. g3 Re5 31. Nd4 Qf6 32. Nxf3 exf3 33. Rxe5 Qxe5 34. Rxd5 Ba4
35. b3 Qxc3 36. Rd3 Qa5 37. bxa4 1-0

[Event "Rilton Cup 2013-14"]
[Site "Stockholm SWE"]
[Date "2014.01.05"]
[Round "9.31"]
[White "Adler, Bo"]
[Black "Merkesvik, Sondre"]
[Result "1-0"]
[WhiteElo "2168"]
[BlackElo "2039"]
[WhiteFideId "1702149"]
[BlackFideId "1514350"]
[EventDate "2013.12.27"]

1. d4 Nf6 2. c4 g6 3. f3 c5 4. d5 d6 5. Nc3 Bg7 6. e4 O-O 7. Bg5 e6 8. Qd2 exd5
9. Nxd5 Be6 10. Bd3 Nc6 11. Ne2 Bxd5 12. cxd5 Ne5 13. O-O Qb6 14. Nc3 Nxd3 15.
Qxd3 Nd7 16. Qc2 Ne5 17. Kh1 Rfe8 18. Rae1 a6 19. Bc1 Qd8 20. f4 Ng4 21. Qe2 f5
22. Qf3 Qh4 23. h3 Bd4 24. Nd1 Re7 25. e5 dxe5 26. d6 e4 27. Qb3+ Rf7 28. Ne3
Nf2+ 29. Kh2 Nd3 30. Bd2 Nxe1 31. Bxe1 Qf6 32. Nc4 b5 33. Ne5 c4 34. Qg3 Rg7 35.
Nc6 Bxb2 36. Bb4 Rd7 37. Rd1 Qe6 38. Qe3 Bf6 39. Qc5 Kf7 40. Rd5 Re8 41. Ne5+
Bxe5 42. Rxe5 Qf6 43. Qc6 Red8 44. Qd5+ Kf8 45. Re6 Qf7 46. Bc3 b4 47. Bd4 c3
48. Rf6 Qxf6 49. Bxf6 Rxd6 50. Qc5 Kg8 51. Bxd8 Rxd8 52. Qxb4 Rc8 53. Qb7 Rc5
54. Qb8+ 1-0

[Event "Rilton Cup 2013-14"]
[Site "Stockholm SWE"]
[Date "2014.01.05"]
[Round "9.32"]
[White "Marzano, Carlo"]
[Black "Norlin, Egor"]
[Result "1/2-1/2"]
[WhiteElo "2166"]
[BlackElo "2125"]
[WhiteFideId "802980"]
[BlackFideId "1713973"]
[EventDate "2013.12.27"]

1. Nf3 Nf6 2. d4 e6 3. Bg5 Be7 4. Nbd2 d5 5. e3 O-O 6. Bd3 b6 7. c3 Bb7 8. Ne5
Nbd7 9. Qf3 Nxe5 10. dxe5 Nd7 11. Bf4 Nc5 12. Bc2 Ba6 13. h4 Bd3 14. O-O-O Bxc2
15. Kxc2 Qd7 16. h5 f6 17. Qg3 f5 18. f3 a5 19. Qh3 a4 20. g4 Qb5 21. Qf1 Qxf1
22. Rdxf1 fxg4 23. fxg4 c6 24. Nf3 Nb7 25. Rhg1 c5 26. Rg2 Na5 27. Re1 1/2-1/2